[Event "EU-chT U18 Girls"]
[Site "Iasi"]
[Date "2023.07.30"]
[Round "7.2"]
[White "Kucuk, Aybike"]
[Black "Kochavi, Dana"]
[Result "0-1"]
[WhiteElo "1568"]
[BlackElo "2101"]
[PlyCount "132"]
[EventDate "2023.07.24"]
[EventType "team-swiss"]
[EventRounds "7"]
[EventCountry "ROU"]
[SourceTitle "CBM 215 Extra"]
[Source "ChessBase"]
[SourceDate "2023.09.30"]
[SourceVersion "1"]
[SourceVersionDate "2023.09.30"]
[SourceQuality "1"]
[WhiteTeam "Turkey U18 Girls"]
[BlackTeam "Israel U18 Girls"]
[WhiteTeamCountry "TUR"]
[BlackTeamCountry "ISR"]

1. d4 Nf6 2. c4 e6 3. Nf3 Bb4+ 4. Bd2 Be7 5. g3 d5 6. Bg2 0-0 7. 0-0 c6 8. Bf4 b6 9. Nc3 Bb7 10. cxd5 cxd5 11. Ne5 Nc6 12. Rc1 Nxe5 13. Bxe5 a6 14. Na4 Rc8 15. Rxc8 Bxc8 16. Qc2 Ne8 17. Rc1 Bd7 18. Qb3 Bb5 19. Nc3 Bc4 20. Qc2 Bg5 21. e3 a5 22. b3 Ba6 23. Na4 Bb5 24. Qc8 Qxc8 25. Rxc8 Bxa4 26. bxa4 Be7 27. Rc6 Nf6 28. Bf1 Nd7 29. Bc7 h6 30. Bb5 Rc8 31. Ba6 Ra8 32. Bb7 Re8 33. Rc2 Nf8 34. Rc6 Nd7 35. Kf1 Bb4 36. Rc2 Nf8 37. Ke2 Re7 38. Kd3 f6 39. Bc8 Kf7 40. Bd8 Re8 41. Bxb6 Ng6 42. Ba6 Ne7 43. Bb5 Rc8 44. a3 Rxc2 45. Kxc2 Be1 46. f3 h5 47. Kd1 Bc3 48. Ke2 Nf5 49. Kd3 Be1 50. e4 Ne7 51. Ba6 f5 52. Bb7 fxe4+ 53. fxe4 g5 54. Bc7 Ke8 55. Be5 Kf7 56. Ke3 Ng6 57. Bd6 Ne7 58. Ba6 Ng8 59. Be2 Kg6 60. Bf3 Nf6 61. exd5 exd5 62. h3 Kf7 63. Be5 Ke6 64. Be2 Nd7 65. Bc7 Nf6 66. Bd8 Kf7 0-1

[Event "EU-chT U18 Girls"]
[Site "Iasi"]
[Date "2023.07.28"]
[Round "5.2"]
[White "Goraj, Barbara"]
[Black "Kucuk, Aybike"]
[Result "1-0"]
[WhiteElo "2162"]
[BlackElo "1568"]
[PlyCount "87"]
[EventDate "2023.07.24"]
[EventType "team-swiss"]
[EventRounds "7"]
[EventCountry "ROU"]
[SourceTitle "CBM 215 Extra"]
[Source "ChessBase"]
[SourceDate "2023.09.30"]
[SourceVersion "1"]
[SourceVersionDate "2023.09.30"]
[SourceQuality "1"]
[WhiteTeam "Poland U18 Girls"]
[BlackTeam "Turkey U18 Girls"]
[WhiteTeamCountry "POL"]
[BlackTeamCountry "TUR"]

1. e4 e5 2. Nf3 Nc6 3. Bb5 Nf6 4. d3 Bc5 5. 0-0 Nd4 6. Nxd4 Bxd4 7. c3 Bb6 8. Kh1 c6 9. Ba4 d6 10. h3 Be6 11. f4 exf4 12. Bxf4 Qd7 13. Qf3 0-0-0 14. Nd2 Rdg8 15. d4 d5 16. e5 Ne8 17. Qe3 h6 18. Bh2 g5 19. Bc2 h5 20. b4 h4 21. a4 g4 22. hxg4 Rxg4 23. Nb3 Rhg8 24. Rf2 Qe7 25. Raf1 Ng7 26. a5 Bd8 27. Bd1 Rg5 28. Qd3 Nh5 29. Bxh5 Rxh5 30. Nc5 Rg3 31. Qd2 h3 32. Bxg3 hxg2+ 33. Kxg2 Bh3+ 34. Kg1 Bxf1 35. Kxf1 b6 36. axb6 axb6 37. Qe2 Rh1+ 38. Kg2 Ra1 39. Qg4+ Kb8 40. Rxf7 Ra2+ 41. Kh3 bxc5 42. Rxe7 Bxe7 43. Qg8+ Kc7 44. e6+ 1-0

[Event "EU-chT U18 Girls"]
[Site "Iasi"]
[Date "2023.07.25"]
[Round "2.2"]
[White "Kucuk, Aybike"]
[Black "Guid, Taja"]
[Result "1/2-1/2"]
[WhiteElo "1568"]
[BlackElo "1729"]
[PlyCount "124"]
[EventDate "2023.07.24"]
[EventType "team-swiss"]
[EventRounds "7"]
[EventCountry "ROU"]
[SourceTitle "CBM 215 Extra"]
[Source "ChessBase"]
[SourceDate "2023.09.30"]
[SourceVersion "1"]
[SourceVersionDate "2023.09.30"]
[SourceQuality "1"]
[WhiteTeam "Turkey U18 Girls"]
[BlackTeam "Slovenia U18 Girls"]
[WhiteTeamCountry "TUR"]
[BlackTeamCountry "SLO"]

1. d4 d5 2. c4 e6 3. Nf3 c6 4. e3 Bd6 5. Bd3 f5 6. 0-0 Nf6 7. b3 Qe7 8. Bb2 0-0 9. Qc1 Ne4 10. Ba3 Nd7 11. Bxd6 Qxd6 12. Nc3 Rf6 13. Nd2 g5 14. Bxe4 fxe4 15. Ndxe4 dxe4 16. Nxe4 Qe7 17. Nxf6+ Nxf6 18. f4 g4 19. Qe1 Ne4 20. Qe2 Qg7 21. Qd3 Qg6 22. Rad1 Bd7 23. d5 exd5 24. cxd5 Rf8 25. Qd4 c5 26. Qe5 Bb5 27. Rfe1 Qf5 28. a4 Bd7 29. Qc7 Bc8 30. g3 Qd7 31. Qe5 Re8 32. Qb2 Qd6 33. Qc2 Bf5 34. Qc4 a6 35. a5 Bd7 36. b4 cxb4 37. Rd4 Bb5 38. Qxb4 Qxb4 39. Rxb4 Kf7 40. Rc1 Re7 41. Rd4 Nd6 42. e4 Rxe4 43. Rxe4 Nxe4 44. Rc7+ Kg6 45. Rxb7 Nc5 46. Rc7 Nd7 47. Kf2 Kf6 48. Ke3 Ke7 49. Ke4 Kd6 50. Rc2 Nf6+ 51. Kf5 Bd3+ 52. Kxf6 Bxc2 53. Kg5 Bd1 54. Kh6 Kxd5 55. Kxh7 Kc5 56. f5 Kb5 57. f6 Bb3 58. Kg6 Kxa5 59. Kf5 Kb5 60. Kxg4 a5 61. h4 a4 62. h5 a3 1/2-1/2

[Event "EU-chT U18 Girls"]
[Site "Iasi"]
[Date "2023.07.24"]
[Round "1.2"]
[White "Qasem, Huda"]
[Black "Kucuk, Aybike"]
[Result "0-1"]
[WhiteElo "1905"]
[BlackElo "1568"]
[PlyCount "126"]
[EventDate "2023.07.24"]
[EventType "team-swiss"]
[EventRounds "7"]
[EventCountry "ROU"]
[SourceTitle "CBM 215 Extra"]
[Source "ChessBase"]
[SourceDate "2023.09.30"]
[SourceVersion "1"]
[SourceVersionDate "2023.09.30"]
[SourceQuality "1"]
[WhiteTeam "Israel U18 Girls II"]
[BlackTeam "Turkey U18 Girls"]
[WhiteTeamCountry "ISR"]
[BlackTeamCountry "TUR"]

1. e4 c6 2. Nf3 d5 3. Nc3 Bg4 4. h3 Bxf3 5. Qxf3 e6 6. Be2 d4 7. Nb1 Ne7 8. d3 Ng6 9. Nd2 h5 10. Bf1 Bd6 11. Nc4 Bc7 12. a4 Nd7 13. Bd2 a5 14. Qe2 b5 15. axb5 cxb5 16. Na3 Qb8 17. h4 Nc5 18. g3 b4 19. Nc4 b3 20. c3 Ne5 21. Nxe5 Bxe5 22. c4 a4 23. f4 Bc7 24. Ra3 Ba5 25. Bxa5 Rxa5 26. Qd2 Qb6 27. Be2 Na6 28. 0-0 Nb4 29. Rfa1 Na2 30. Bd1 Ra7 31. R1xa2 bxa2 32. Rxa2 0-0 33. Bxa4 Rb8 34. b3 Qb4 35. Qxb4 Rxb4 36. c5 Kf8 37. c6 Ke7 38. Kf2 Kd6 39. e5+ Kc7 40. Kf3 Rb5 41. Rc2 Rd5 42. Ke4 f5+ 43. exf6 gxf6 44. Rc4 f5+ 45. Kf3 Ra8 46. Rb4 Rb8 47. Rc4 Ra8 48. Rc2 Raa5 49. Re2 Rd6 50. Re1 Rc5 51. b4 Rc3 52. Bb5 Kb6 53. Re5 Rd5 54. Bc4 Rxe5 55. fxe5 Kxc6 56. Kf4 Kd7 57. Kg5 Ke7 58. Kxh5 Rxc4 59. dxc4 d3 60. Kg6 d2 61. h5 d1Q 62. h6 Qg4+ 63. Kh7 Kf7 0-1

[Event "TUR-ch U13/18 Girls"]
[Site "Antalya"]
[Date "2023.01.23"]
[Round "3"]
[White "Kucuk, Aybike"]
[Black "Bereketoglu, Rengin"]
[Result "1/2-1/2"]
[WhiteElo "1614"]
[BlackElo "1221"]
[PlyCount "120"]
[EventDate "2023.01.17"]
[EventType "swiss"]
[EventRounds "9"]
[EventCountry "TUR"]
[SourceTitle "EXT 2024"]
[Source "ChessBase"]
[SourceDate "2023.10.10"]
[SourceVersion "1"]
[SourceVersionDate "2023.10.10"]
[SourceQuality "1"]

1. e4 e5 2. Nf3 Nf6 3. Nc3 Nc6 4. d4 exd4 5. Nxd4 Bb4 6. Nxc6 bxc6 7. Bd3 0-0 8. 0-0 d5 9. exd5 cxd5 10. Bg5 c6 11. Qf3 Be7 12. h3 h6 13. Bh4 Qb6 14. Rae1 Qb7 15. b3 Be6 16. Ne2 Rfe8 17. Nd4 Bd7 18. Re2 Bd8 19. Rfe1 Rxe2 20. Rxe2 Qc8 21. Nf5 Ne4 22. Ne7+ Bxe7 23. Bxe7 Bf5 24. Re1 Qd7 25. Ba3 Bg6 26. Qf4 Qf5 27. Qxf5 Bxf5 28. Ba6 Rb8 29. f3 Nc3 30. Bc5 Nxa2 31. Re2 Nc3 32. Rd2 Nb5 33. c4 dxc4 34. bxc4 Nc7 35. Ra2 Be6 36. Bxa7 Rb1+ 37. Kh2 Nxa6 38. Rxa6 Bxc4 39. Rxc6 Be6 40. Bd4 Rd1 41. Be3 Bd5 42. Rc2 Re1 43. Bf2 Re8 44. Kg3 Kh7 45. Rd2 Be6 46. f4 Rc8 47. Kf3 Rc4 48. Be3 h5 49. Rd1 Rc2 50. Rd4 Bc8 51. Rd2 Bb7+ 52. Kf2 Rxd2+ 53. Bxd2 f5 54. Bc3 Be4 55. Be5 g6 56. g3 Kg8 57. Ke3 Bg2 58. h4 Kf7 59. Kd4 Bf3 60. Kc5 Bg4 1/2-1/2

[Event "EU-ch U14 Girls 30th"]
[Site "Antalya"]
[Date "2022.11.13"]
[Round "8"]
[White "Kucuk, Aybike"]
[Black "Mullyaminova, Sofiya"]
[Result "0-1"]
[WhiteElo "1605"]
[BlackElo "1653"]
[PlyCount "90"]
[EventDate "2022.11.06"]
[EventType "swiss"]
[EventRounds "9"]
[EventCountry "TUR"]
[SourceTitle "EXT 2024"]
[Source "ChessBase"]
[SourceDate "2023.10.10"]
[SourceVersion "1"]
[SourceVersionDate "2023.10.10"]
[SourceQuality "1"]

1. e4 c5 2. c3 d5 3. exd5 Qxd5 4. d4 e6 5. Nf3 Nf6 6. Na3 Nc6 7. Be2 cxd4 8. Nb5 Qd7 9. Nbxd4 Be7 10. 0-0 0-0 11. Bf4 Nd5 12. Bg3 a6 13. Qb3 Bd6 14. Bxd6 Qxd6 15. Rfd1 Qc7 16. Rac1 Nf4 17. Bf1 e5 18. Nxc6 bxc6 19. Re1 Be6 20. Qa4 f6 21. Rcd1 Kh8 22. Rd2 Bd5 23. Qd1 Qf7 24. b3 Rad8 25. Re3 Rc8 26. Bxa6 Ra8 27. Bf1 Rxa2 28. Rxa2 Bxb3 29. Qd6 Bxa2 30. c4 Rc8 31. g3 Ng6 32. Bh3 Re8 33. Qxc6 Bxc4 34. Nd2 Bd5 35. Qb5 Ra8 36. Rd3 Ne7 37. Bg2 Ra1+ 38. Nf1 Bc4 39. Rd8+ Ng8 40. Qb8 Bxf1 41. Bxf1 Qc4 42. Rxg8+ Qxg8 43. Qb2 Qa8 44. h4 Ra2 45. Qb5 Ra5 0-1

[Event "EU-ch U14 Girls 30th"]
[Site "Antalya"]
[Date "2022.11.10"]
[Round "5"]
[White "Kucuk, Aybike"]
[Black "Kobak, Polina"]
[Result "0-1"]
[WhiteElo "1605"]
[BlackElo "1759"]
[PlyCount "148"]
[EventDate "2022.11.06"]
[EventType "swiss"]
[EventRounds "9"]
[EventCountry "TUR"]
[SourceTitle "CBM 211 Extra"]
[Source "ChessBase"]
[SourceDate "2023.01.31"]
[SourceVersion "1"]
[SourceVersionDate "2023.01.31"]
[SourceQuality "1"]

1. e4 c5 2. c3 Nf6 3. e5 Nd5 4. d4 cxd4 5. cxd4 Nc6 6. Nf3 d6 7. Bc4 dxe5 8. dxe5 Ndb4 9. Qb3 e6 10. 0-0 Na5 11. Qa4+ Bd7 12. Bb5 Bxb5 13. Qxb5+ Nac6 14. Nc3 a6 15. Qc4 Qd3 16. Qg4 Qg6 17. Qh4 Be7 18. Bg5 Nxe5 19. Nxe5 Qxg5 20. Qe4 0-0 21. a3 Nc6 22. Nxc6 bxc6 23. Qxc6 Rab8 24. b4 Rfc8 25. Qf3 Qf6 26. Na4 h6 27. Qg3 Qf5 28. Rac1 a5 29. Nb6 Rd8 30. bxa5 Qxa5 31. Nc4 Qa4 32. Qf3 Rb3 33. Qe2 Qb5 34. Qa2 Rd4 35. a4 Qb4 36. Ne5 Rd2 37. Rc2 Rb2 38. Rc8+ Kh7 39. Qc4 Qxc4 40. Nxc4 Rbc2 41. Nxd2 Rxc8 42. Ra1 Rc2 43. Nf1 Bf6 44. Ra3 Bd4 45. Ne3 Rc1+ 46. Nf1 f5 47. g3 e5 48. a5 Kg6 49. a6 Ba7 50. Ra2 f4 51. gxf4 exf4 52. Ra3 Rc2 53. Rf3 Kg5 54. Kg2 Ra2 55. h4+ Kg4 56. Nh2+ Kf5 57. Nf1 Ke4 58. h5 Bd4 59. Nh2 Rxa6 60. Rb3 Ra5 61. f3+ Kd5 62. Rb1 Kc4 63. Re1 Rxh5 64. Re4 Rf5 65. Ng4 Kd3 66. Kh3 h5 67. Nh2 Be3 68. Nf1 Ke2 69. Nh2 Rg5 70. Ra4 Rg3+ 71. Kh4 g5+ 72. Kxh5 Rh3+ 73. Kg4 Rxh2 74. Ra2+ Bd2 0-1

[Event "EU-ch Online U12 Girls"]
[Site "Tornelo INT"]
[Date "2020.09.18"]
[Round "1"]
[White "Kucuk, Aybike"]
[Black "Tsetskhladze, Mariam"]
[Result "1/2-1/2"]
[WhiteElo "1459"]
[BlackElo "1095"]
[PlyCount "200"]
[EventDate "2020.09.18"]
[EventType "swiss (rapid)"]
[EventRounds "9"]
[EventCountry "NET"]
[SourceTitle "EXT 2023"]
[Source "ChessBase"]
[SourceDate "2022.10.05"]
[SourceVersion "1"]
[SourceVersionDate "2022.10.05"]
[SourceQuality "1"]
[WhiteTeam "Turkey"]
[BlackTeam "Georgia"]
[WhiteTeamCountry "TUR"]
[BlackTeamCountry "GEO"]

1. e4 e5 2. Nf3 d6 3. d4 exd4 4. Nxd4 Nf6 5. Nc3 Be7 6. Bf4 0-0 7. Be2 a6 8. a4 c5 9. Nf3 Qb6 10. Qd2 Rd8 11. 0-0 Qb4 12. Bd3 Nc6 13. Nd5 Nxd5 14. exd5 Qxd2 15. Bxd2 Nb4 16. Bxb4 cxb4 17. a5 Bf6 18. Rab1 Re8 19. Nd2 Bd4 20. Rfe1 Bd7 21. Re4 Bc5 22. Rbe1 g6 23. Rxe8+ Rxe8 24. Rxe8+ Bxe8 25. Ne4 Kg7 26. Nxc5 dxc5 27. Kf1 Kf6 28. Be4 Ke5 29. Bf3 Bb5+ 30. Ke1 Kd6 31. b3 f5 32. Kd2 Be8 33. c4 bxc3+ 34. Kxc3 Bf7 35. Kc4 g5 36. g3 h6 37. h4 Bg8 38. hxg5 hxg5 39. Bg2 Bf7 40. f4 gxf4 41. gxf4 Bg8 42. Bf3 Bf7 43. Bh1 Bh5 44. b4 cxb4 45. Kxb4 Be2 46. Kc3 Bh5 47. Kd4 Bf7 48. Bg2 Bg8 49. Bh3 Bh7 50. Bg2 Bg8 51. Bf3 Bf7 52. Bh1 Bg8 53. Kc4 Bf7 54. Bf3 Bg8 55. Kd4 Bf7 56. Bg2 Bg8 57. Kc4 Bf7 58. Bh1 Bg8 59. Kd4 Bf7 60. Bf3 Bg8 61. Bg2 Bf7 62. Bh3 Bg6 63. Kc4 Bh7 64. Kd4 Bg6 65. Bg2 Bf7 66. Bh3 Bg6 67. Bf1 Bf7 68. Bc4 Bg8 69. Bd3 Bh7 70. Bc2 Bg6 71. Kc4 Bh7 72. Kd4 Bg6 73. Bb1 Bh7 74. Kc4 Bg6 75. Bd3 Bh7 76. Kd4 Bg6 77. Bc2 Bh7 78. Bd1 Bg6 79. Be2 Bf7 80. Bf3 Bg8 81. Bg2 Bf7 82. Bh3 Bg6 83. Bf1 Bf7 84. Bc4 Bg8 85. Bb3 Bf7 86. Bc2 Bg6 87. Ba4 Bf7 88. Bb3 Bg8 89. Bc4 Bf7 90. Bd3 Bg6 91. Be2 Bf7 92. Bf3 Bg6 93. Bh1 Bf7 94. Bg2 Bg6 95. Ke3 Bf7 96. Kd4 Bg6 97. Bf1 Bf7 98. Bd3 Bg6 99. Bc2 Bh7 100. Bb1 Bg6 1/2-1/2

[Event "TUR-ch (Women)"]
[Site "Antalya"]
[Date "2019.03.04"]
[Round "3"]
[White "Gokbulut, Julia"]
[Black "Kucuk, Aybike"]
[Result "1-0"]
[WhiteElo "2037"]
[BlackElo "1230"]
[PlyCount "111"]
[EventDate "2019.03.03"]
[EventType "swiss"]
[EventRounds "9"]
[EventCountry "TUR"]
[SourceTitle "CBM 189 Extra"]
[Source "ChessBase"]
[SourceDate "2019.06.03"]
[SourceVersion "1"]
[SourceVersionDate "2019.06.03"]
[SourceQuality "1"]

1. d4 Nf6 2. c4 e6 3. Nf3 b6 4. g3 Ba6 5. b3 Bb4+ 6. Bd2 Be7 7. Bg2 c6 8. 0-0 d5 9. Qc2 0-0 10. a4 Nbd7 11. Rd1 Bd6 12. Be1 Qe7 13. e3 e5 14. a5 e4 15. Nfd2 Bb4 16. axb6 axb6 17. Nc3 Rfc8 18. Ra2 Bb7 19. Rda1 Rxa2 20. Rxa2 Ra8 21. Rxa8+ Bxa8 22. cxd5 cxd5 23. Nb5 Bb7 24. Qc7 Ba6 25. Bf1 Ne8 26. Qa7 Bxb5 27. Bxb5 Nef6 28. Bxd7 Nxd7 29. Qa8+ Qf8 30. Qxd5 Nf6 31. Qc6 Ba5 32. Kf1 Bxd2 33. Bxd2 Qd8 34. Bb4 h6 35. Ke2 Qb8 36. f3 exf3+ 37. Kxf3 Qd8 38. Bd6 Nd7 39. Bc7 Qc8 40. Qd6 Qa8+ 41. e4 Nf6 42. Qd8+ Qxd8 43. Bxd8 Nd7 44. e5 Kf8 45. Ke4 Ke8 46. Bc7 Ke7 47. Bd6+ Ke8 48. Kd5 f5 49. exf6 Nxf6+ 50. Kc6 Ne4 51. Be5 Nd2 52. b4 g5 53. Kxb6 Kd7 54. Ka6 g4 55. b5 Nf3 56. b6 1-0